000
00216 a2200109 4500
020
_a
9788495311023
041
_a
spa
100
_a
Twain, Mark
245
_a
Las Aventuras de tom Sawyer
942
_c
BK
952
_7
1
999
_c
16625
_d
16625